000 03098cam a2200493 i 4500
001 200468178
003 TR-AnTOB
005 20260417135120.0
007 ta
008 260417t19851985ilu b 001 0 eng
010 _a 84001269
020 _a0809311755
_q(hardback)
020 _a9780809311750
035 _a(CU-S)b1893285x-01ucs_sdi
035 _a(OCoLC)10374791
_z(OCoLC)59248686
_z(OCoLC)1018008048
_z(OCoLC)1037588931
035 _a(OCoLC)ocm10374791
035 _a(EXLNZ-01UCS_NETWORK)9912431137006531
035 _a(TR-AnTOB)200468178
040 _aDLC
_beng
_erda
_cDLC
_dBTCTA
_dUKV3G
_dBAKER
_dYDXCP
_dOCLCG
_dDEBBG
_dT8M
_dGBVCP
_dOCLCO
_dOCLCF
_dOCLCQ
_dOCLCO
_dCS1
_dOCL
_dOCLCQ
_dJ9U
_dOCLCQ
_dOCLCO
_dCPO
_dIPAAE
_dCAOXN
_dOCLCO
_dOCLCL
_dIG#
_dYBM
_dOCLCO
_dOCLCQ
_dOCLCL
_dOCLCA
_dUNB
_dOCLCQ
_dOCLCO
_dTR-AnTOB
041 0 _aeng
043 _an-us---
050 0 4 _aPS379
_b.S437 1985
090 _aPS379
_b.S437 1985
100 1 _aSearles, George J.
_q(George John),
_d1944-
_eauthor
_4aut
_0http://id.loc.gov/authorities/names/n82243089
_9153767
245 1 4 _aThe fiction of Philip Roth and John Updike /
_cGeorge J. Searles.
264 1 _aCarbondale [Ill.] :
_bSouthern Illinois University Press,
_c1985.
264 4 _c©1985
300 _aix, 197 pages ;
_c23 cm
336 _atext
_btxt
_2rdacontent
337 _aunmediated
_bn
_2rdamedia
338 _avolume
_bnc
_2rdacarrier
490 0 _aCrosscurrents/modern critiques/new series
504 _aBIBINDX
505 0 0 _tRoth and Updike: Social Realists in an Unreal Society --
_t"Roots": Ethnic/Cultural Backgrounds in Roth and Updike --
_tFather and Sons: Family Relationships in Roth and Updike --
_tSons and Lovers: Romantic Involvement and Personal Morality in Roth and Updike --
_tSecondary Themes in Roth and Updike: Materialism, Vocation, the Clergy, and Sport --
_tModus Operandi: The Literary Method of Roth and Updike --
_tOther Modes: Roth and Updike as Experimental Writers --
_tConclusion: Assessments and Projections.
520 _aIn this comparative study of Philip Roth and John Updike, Searle examines their literary methods, provides background materials about each writer, and discusses their themes. He finds that Roth concentrates on the individual within the society, while Updike describes society's typical individual; Roth writes in the first person, Updike in the third; setting is incidental to Roth, while Updike can be considered a regional writer. He points out that both writers share themes such as ethnicity, interpersonal relationship, moral responsibility and guilt, and are preoccupied with subsidiary concerns such as Materialism, the importance of meaningful work, the fallen state of the clergy, and the idea of sport as metaphor.
600 1 0 _aRoth, Philip,
_d1933-2018
_xCriticism and interpretation
_9153246
600 1 0 _aUpdike, John
_xCriticism and interpretation
_9153736
650 0 _aAmerican fiction
_y20th century
_xHistory and criticism
_993799
942 _2lcc
_cBK
951 _acpk 0301010/l
_ajub 050885
951 _aMARS
999 _c200468178
_d86390